American history - Statistics

General Stats
  • This quiz has been taken 55 times
  • The average score is 16 of 20
Answer Stats
Hint Answer % Correct
What year was the Declaration of Independence signed 1776
100%
Who was the first president of america George Washington
100%
What war did america fight in after the Great Depression world war 2
92%
Who was the 16th president Abraham Lincoln
90%
Who was the first Secretary of State and 3rd president Thomas jefferson
90%
When did world war 2 end 1945
88%
What happened in the 1930ss that shut down the above answer Great Depression
88%
Who was the first vice president John Adams
88%
What was it called when Thomas Jefferson bought a massive part of land from napoleon The Louisiana purchase
88%
Who was the first black president of the United States Barack Obama
85%
The bombing of what brought america into this war Pearl Harbor
85%
What year did the civil war end 1865
83%
What was was fought to gain American independence from England Revolutionary war
79%
Abraham Lincoln is famous for passing the ______proclamtion Emancipation
77%
What president served throughout most of the 80s and is considered by many to be on of the best ever Ronald Reagan
77%
What was the nickname of the operation to storm Normandy D-day
73%
Who was the first treasurer Alexander Hamilton
69%
What were the 1920s nicknamed in america Roaring 20s
63%
What was the 2nd war fought for the same purpose War of 1812
60%
What revolution turned america into a superpower Industrial Revolution
58%
No matching quizzes found
Score Distribution
Percent of People with Each Score
Percentile by Number Answered
Your Score History
You have not taken this quiz